|
|
|
|
| LEADER |
00000caa a2200000 c 4500 |
| 001 |
1642704105 |
| 003 |
DE-627 |
| 005 |
20240627143145.0 |
| 007 |
tu |
| 008 |
180524s2018 xx ||||| 00| ||ger c |
| 035 |
|
|
|a (DE-627)1642704105
|
| 035 |
|
|
|a (DE-576)505485826
|
| 035 |
|
|
|a (DE-599)BSZ505485826
|
| 040 |
|
|
|a DE-627
|b ger
|c DE-627
|e rda
|
| 041 |
|
|
|a ger
|
| 100 |
1 |
|
|a Rosemann, Matthias
|d 1957-
|e VerfasserIn
|0 (DE-588)121316076
|0 (DE-627)081225083
|0 (DE-576)292643543
|4 aut
|
| 109 |
|
|
|a Rosemann, Matthias 1957-
|
| 245 |
1 |
0 |
|a Rechtspolitische Forderungen und versorgungspolitische Perspektiven zur Weiterentwicklung der psychiatrischen Maßregel
|b zu den erforderlichen rechtlichen Vorgaben und notwendigen Veränderungen der Institutionen Krankenhaus und Gemeindepsychiatrie
|c Matthias Rosemann
|
| 264 |
|
1 |
|c 2018
|
| 336 |
|
|
|a Text
|b txt
|2 rdacontent
|
| 337 |
|
|
|a ohne Hilfsmittel zu benutzen
|b n
|2 rdamedia
|
| 338 |
|
|
|a Band
|b nc
|2 rdacarrier
|
| 650 |
|
4 |
|a Maßregelvollzug
|
| 650 |
|
4 |
|a Krisenintervention
|
| 650 |
|
4 |
|a Reformbedarf
|
| 650 |
|
4 |
|a Zusammenarbeit
|
| 650 |
|
4 |
|a Versorgungsverpflichtung
|
| 650 |
|
4 |
|a Gemeindepsychiatrischer Verbund
|
| 650 |
|
4 |
|a Forensic Psychiatry
|
| 650 |
|
4 |
|a Reform
|
| 650 |
|
4 |
|a Community mental health care
|
| 650 |
|
4 |
|a Service framework
|
| 651 |
|
4 |
|a Germany
|
| 689 |
0 |
0 |
|d s
|0 (DE-588)4020335-9
|0 (DE-627)10440096X
|0 (DE-576)208932895
|a Gerichtliche Psychiatrie
|2 gnd
|
| 689 |
0 |
1 |
|d s
|0 (DE-588)4019966-6
|0 (DE-627)106319728
|0 (DE-576)208931392
|a Gemeindepsychiatrie
|2 gnd
|
| 689 |
0 |
2 |
|d s
|0 (DE-588)4033206-8
|0 (DE-627)106258486
|0 (DE-576)209000619
|a Krisenintervention
|2 gnd
|
| 689 |
0 |
3 |
|d s
|0 (DE-588)4145115-6
|0 (DE-627)10559332X
|0 (DE-576)209738995
|a Bewährungsauflage
|2 gnd
|
| 689 |
0 |
|
|5 (DE-627)
|
| 773 |
0 |
8 |
|i Enthalten in
|t Recht & Psychiatrie
|d Köln : Psychiatrie-Verl., 1983
|g 36(2018), 2, Seite 73-77
|w (DE-627)130399531
|w (DE-600)604939-4
|w (DE-576)015903133
|x 0724-2247
|7 nnas
|
| 773 |
1 |
8 |
|g volume:36
|g year:2018
|g number:2
|g pages:73-77
|
| 951 |
|
|
|a AR
|
| ELC |
|
|
|b 1
|
| LOK |
|
|
|0 000 xxxxxcx a22 zn 4500
|
| LOK |
|
|
|0 001 3307046667
|
| LOK |
|
|
|0 003 DE-627
|
| LOK |
|
|
|0 004 1642704105
|
| LOK |
|
|
|0 005 20240627143145
|
| LOK |
|
|
|0 008 181106||||||||||||||||ger|||||||
|
| LOK |
|
|
|0 040
|a DE-21-110
|c DE-627
|d DE-21-110
|
| LOK |
|
|
|0 852
|a DE-21-110
|
| LOK |
|
|
|0 852 1
|m p
|9 00
|
| LOK |
|
|
|0 938
|k p
|
| LOK |
|
|
|0 939
|a 06-11-18
|b l01
|
| ORI |
|
|
|a SA-MARC-krimdoka001.raw
|